000 00305pam a2200133a 44500
008 230405s2017 xxu||||| |||| 00| 0 eng d
041 _aENG
100 _aC.C.CHATTERJEE
245 _aHUMAN PHYSIOLOGY VOL-I
250 _a11
260 _a
_bCBS PUBLISHERS DELHI
_c2017
300 _a704
906 _a5089
999 _c280360
_d280360